Statistics for Everything Bagel

Click here to take the quiz!

General Stats

  • This quiz has been taken 13 times
  • The average score is 11 of 15

Answer Stats

CategoryAnswer% Correct
Capital of NorwayOslo
100%
about
80%
all
80%
I
80%
is
80%
Heat Waves Lyricssometimes
80%
Popular indie farming simulatorStardew Valley
80%
think
80%
Mattel card gameUno
80%
you
80%
The worst rock band in existanceAC/DC
60%
"Its chewsday innit" peoplebritish
60%
Lead Singer of American Rock Band My Chemical RomanceGerard Way
60%
Previously mentioned persons younger brotherMikey Way
60%
Best Hypixel gamePixel Party
60%

Score Distribution

Percentile by Number Answered

Percent of People with Each Score

Your Score History

You have not taken this quiz